000 00490nam a22001697a 4500
999 _c6621
_d6621
003 GBCCL
005 20241126110607.0
008 180521b ||||| |||| 00| 0 eng d
040 _cgbc
082 _a226.207
_bLEA
100 _aLeavell, Roland Q.
_97583
245 _aStudies in Matthew:
_bthe King and the Kingdom /
_cRoland Q. Leavell
260 _aNashville:
_bConvention Press,
_c1962
300 _a146 p.;
_c19 cm.
650 _aBible
_vMatthew
_xCommentaries
_911841
942 _2ddc
_cBK
_012